Statistics for Antonym Songs

Click here to take the quiz!

General Stats

  • This quiz has been taken 623 times
  • The average score is 19 of 30

Answer Stats

Performer(s)AntonymName of the Song% Correct
The BeatlesTomorrowYesterday
95%
Christina AguileraUglyBeautiful
91%
AerosmithLaughin'Cryin'
91%
Ke$haBorn OldDie Young
90%
Cee Lo GreenRemember MeForget You
90%
Gwen StefaniPoor BoyRich Girl
86%
Beyoncé & Jay-ZSober in HatredDrunk in Love
85%
Lady GagaDivorce the DayMarry the Night
85%
EminemFind MyselfLose Yourself
83%
QueenThey are the LosersWe are the Champions
83%
Bruno MarsWhen You Were My WomanWhen I Was Your Man
79%
Led ZeppelinElevator to HellStairway to Heaven
77%
Sara BareillesCowardBrave
69%
ColdplayBreak MeFix You
68%
Joan OsborneTwo of ThemOne of Us
63%
RihannaLeaveStay
63%
Guns n' RosesUnsavory Parent o' YoursSweet Child o' Mine
59%
Taylor SwiftYou Knew I Was DelightI Knew You Were Trouble
58%
NirvanaTastes like Adult SpiritSmells like Teen Spirit
55%
Taylor SwiftKindMean
54%
Gloria GaynorAlways Can Say HelloNever Can Say Goodbye
54%
Lenny KravitzEuropean ManAmerican Woman
52%
Tears for FearsNobody Wants to Rule the CountryEverybody Wants to Rule the World
46%
Jennifer LopezOn the WallOn the Floor
44%
Miley CyrusThey Can Go OnWe Can't Stop
35%
ColdplayHellParadise
33%
QueenEveryone but MeNo-one But You
32%
LMFAOFuneral Pop PoemParty Rock Anthem
31%
Maroon 5HappinessMisery
18%
Gym Class HeroesTV StarsStereo Hearts
9%

Score Distribution

Percentile by Number Answered

Percent of People with Each Score

Your Score History

You have not taken this quiz